Perfektný make-up (Record no. 20201)
[ view plain ]
| 000 -LEADER | |
|---|---|
| fixed length control field | 01495nam a2200397 a 4500 |
| 001 - CONTROL NUMBER | |
| control field | 20201 |
| 003 - CONTROL NUMBER IDENTIFIER | |
| control field | VRT |
| 005 - DATE AND TIME OF LATEST TRANSACTION | |
| control field | 20260119120803.0 |
| 008 - FIXED-LENGTH DATA ELEMENTS--GENERAL INFORMATION | |
| fixed length control field | 250414s1993 xo slo |
| 015 ## - NATIONAL BIBLIOGRAPHY NUMBER | |
| National bibliography number | SNBA1993/12 |
| 020 ## - INTERNATIONAL STANDARD BOOK NUMBER | |
| International Standard Book Number | 8071180890 |
| 035 ## - SYSTEM CONTROL NUMBER | |
| System control number | SNK000016221 |
| 035 ## - SYSTEM CONTROL NUMBER | |
| System control number | urn:nbn:sk:snk-amlimj |
| 035 ## - SYSTEM CONTROL NUMBER | |
| System control number | urn:nbn:sk:snk-am00bmx4 |
| 035 ## - SYSTEM CONTROL NUMBER | |
| System control number | B1D15341-AFE9-49D7-AFC1-F6197E8F2951 |
| 039 #9 - LEVEL OF BIBLIOGRAPHIC CONTROL AND CODING DETAIL [OBSOLETE] | |
| Level of rules in bibliographic description | 202504141244 |
| Level of effort used to assign nonsubject heading access points | VLOAD |
| Level of effort used to assign subject headings | 202406071356 |
| Level of effort used to assign classification | AUTHORITY |
| Level of effort used to assign subject headings | 202406071353 |
| Level of effort used to assign classification | AUTHORITY |
| Level of effort used to assign subject headings | 202403181448 |
| Level of effort used to assign classification | VLOAD |
| 040 ## - CATALOGING SOURCE | |
| Original cataloging agency | SNK |
| Language of cataloging | slo |
| Transcribing agency | SNK |
| Description conventions | AACR2 |
| 041 0# - LANGUAGE CODE | |
| Language code of text/sound track or separate title | slo |
| 044 ## - COUNTRY OF PUBLISHING/PRODUCING ENTITY CODE | |
| MARC country code | xo |
| ISO country code | SK |
| 080 ## - UNIVERSAL DECIMAL CLASSIFICATION NUMBER | |
| Universal Decimal Classification number | 646.7(035) |
| Edition identifier | 1981 |
| 100 1# - MAIN ENTRY--PERSONAL NAME | |
| Personal name | Rüdiger, Margit |
| Relationship | aut |
| 245 10 - TITLE STATEMENT | |
| Title | Perfektný make-up |
| Remainder of title | Rady odborníkov pre každý typ |
| Statement of responsibility, etc. | Margit Rüdiger ; Prel. Žofia Murgašová ; Graf. upr. Viera Fabianová |
| 250 ## - EDITION STATEMENT | |
| Edition statement | [1. vyd.] |
| 260 ## - PUBLICATION, DISTRIBUTION, ETC. | |
| Place of publication, distribution, etc. | Bratislava |
| Name of publisher, distributor, etc. | Ikar |
| Date of publication, distribution, etc. | 1993 |
| Place of manufacture | Banská Bystrica |
| Manufacturer | Tlačiarne BB, spol. s r.o. |
| 300 ## - PHYSICAL DESCRIPTION | |
| Extent | 127 s., 3,34 AH, 3,60 VH |
| Other physical details | Fotogr., reg. |
| Dimensions | 26 cm |
| 500 ## - GENERAL NOTE | |
| General note | Ilustr. na tit. liste a front. |
| 500 ## - GENERAL NOTE | |
| General note | Aut. fotogr. kol. |
| 700 1# - ADDED ENTRY--PERSONAL NAME | |
| Personal name | Murgašová, Žofia |
| Relationship | trl |
| 700 1# - ADDED ENTRY--PERSONAL NAME | |
| Personal name | Fabianová, Viera |
| Relationship | ill |
| 942 ## - ADDED ENTRY ELEMENTS (KOHA) | |
| Source of classification or shelving scheme | Dewey Decimal Classification |
| Koha item type | Odborná literatúra pre dospelých |
| Suppress in OPAC | No |
| 949 ## - LOCAL PROCESSING INFORMATION (OCLC) | |
| 6 | 17A0040326 |
| 9 | P60, <04>, [BOOK], {604} |
| a | snkSB 51737 D1 |
| 949 ## - LOCAL PROCESSING INFORMATION (OCLC) | |
| 6 | 17A0904647 |
| a | snkSB 51737 |
| s | 6100:20160606 |
| 949 ## - LOCAL PROCESSING INFORMATION (OCLC) | |
| 6 | 273K0230282 |
| a | svkpoC 28421 |
| b | svkpo397288 |
| o | PV 634/94Poškodená väzba |
| q | Poškodená väzba |
| r | Poškodená väzba |
| Stav vyradenia | Strata | Poškodenie | Spôsob nadobudnutia | Domovská knižnica | Aktuálna knižnica | Dátum nadobudnutia | Total checkouts | Čiarový kód exemplára | Date last seen | Typ exemplára |
|---|---|---|---|---|---|---|---|---|---|---|
| Dar | Obecná knižnica Horná Štubňa | Obecná knižnica Horná Štubňa | 19.01.2026 | 9788071180890 | 19.01.2026 | Odborná literatúra pre dospelých |
